Представление документа в формате RUSMARC

Поле Инд. ПП Название Значение
Тип записи a
Библиографический уровень a
001 Контрольный номер 9652c305037048dcbfd3d6b5917c9195
005 Дата корректировки 20200512133700.1
100 a Данные общей обработки 20181128 ||| 0rusy0189 ca
101 0_ a Язык текста rus
102 a Страна публикации RU
200 1_ f Первые сведения об ответственности Т.Т. Алиев
a Заглавие Определение Конституционного Суда Российской Федерации как основание пересмотра гражданских дел по новым обстоятельствам
b Общее обозначение материала Текст
210 1_ d Дата издания 2017
461 _0 1 2000
a Арбитражный и гражданский процесс
463 _0 1 2000
a № 8
v С. 47-50
1 2101
d 2017
1 001f32c9578123240e1b8167f10d99803e5
606 a Основная рубрика Гражданское процессуальное право
610 0_ a Ключевые слова ВНОВЬ ОТКРЫВШИЕСЯ ОБСТОЯТЕЛЬСТВА
a Ключевые слова КАССАЦИОННОЕ ПРОИЗВОДСТВО
a Ключевые слова ВЕРХОВНЫЙ СУД РФ
a Ключевые слова ПЕРЕСМОТР СУДЕБНЫХ АКТОВ
a Ключевые слова КОНСТИТУЦИОННЫЙ СУД РФ
a Ключевые слова ПОСТАНОВЛЕНИЯ
700 _1 a Фамилия Алиев
b Имя Т.Т.
801 _0 a Страна RU
b Организация РГУП
c Дата составления 20181128
g Правила каталогизации PSBO
801 _1 a Страна RU
b Организация РГУП
c Дата составления 20181128
g Правила каталогизации PSBO
901 t Тип документа b
w Контрольный № источника f32c9578123240e1b8167f10d99803e5
905 a Дата ввода 20181128